000 00269nam a22000977a 4500
999 _c11596
_d11596
008 190805b ||||| |||| 00| 0 eng d
020 _a9788192088822
100 _aBoyer Crispin
_97305
245 _aWhy Answers to Everything
260 _aNew Delhi
_bNational Geographic
_c2018